Biathlon Nationenwertung der Frauen 25/26 - Statistiken

Allgemein
  • Dieses Quiz wurde 30 mal gespielt
  • Das Durchschnittsergebnis liegt bei 18 aus 20
Antwortstatistiken
# Nation Punkte % Korrekt
5 Deutschland 5815
100%
7 Finnland 5524
100%
4 Italien 6037
100%
8 Österreich 5291
100%
1 Schweden 6956
100%
9 Schweiz 5270
100%
3 Norwegen 6402
96%
12 Slowenien 4578
96%
2 Frankreich 6920
93%
11 Slowakei 4812
93%
13 Vereinigte Staaten 4507
93%
17 Kanada 3637
89%
10 Polen 4860
89%
6 Tschechien 5582
89%
19 Belgien 3019
82%
16 Bulgarien 3718
82%
15 Estland 3916
79%
18 Lettland 3450
79%
14 Ukraine 4260
75%
20 Kasachstan 2149
43%
Keine übereinstimmenden Quizze gefunden
Verteilung der Resultate
Anzahl Personen mit jedem Resultat
Perzentil nach korrekt beantworteten Fragen
Ihre Resultats-Entwicklung
Sie haben dieses Quiz noch nicht gespielt